[Event "Florianopolis Regional STD op"]
[Site "Florianopolis"]
[Date "2018.10.12"]
[Round "1"]
[White "De Borba, Gabriel"]
[Black "Seiffert, Gabriel Pamplona"]
[Result "1-0"]
[WhiteElo "2033"]
[BlackElo "1456"]
[PlyCount "45"]
[EventDate "2018.10.12"]
[EventType "swiss"]
[EventRounds "6"]
[EventCountry "BRA"]
[SourceTitle "CBM 186 Extra"]
[Source "ChessBase"]
[SourceDate "2018.08.24"]
[SourceVersion "1"]
[SourceVersionDate "2018.08.24"]
[SourceQuality "1"]

1. e4 e5 2. Nf3 Nc6 3. Bb5 a6 4. Ba4 Nf6 5. d3 b5 6. Bb3 Be7 7. 0-0 0-0 8. c3 d5 9. Nbd2 Bg4 10. h3 Bh5 11. Qc2 Qd6 12. exd5 Nxd5 13. Ne4 Qg6 14. Bxd5 Bxf3 15. Nf6+ Qxf6 16. Bxf3 Rad8 17. Be3 Qd6 18. a4 b4 19. Rfd1 Kh8 20. d4 exd4 21. cxd4 Bf6 22. Qxc6 Qxc6 23. Bxc6 1-0

[Event "Florianopolis op 4th"]
[Site "Florianopolis"]
[Date "2018.01.23"]
[Round "7"]
[White "Seiffert, Gabriel Pamplona"]
[Black "Marques Junior, Marcos Antonio"]
[Result "0-1"]
[WhiteElo "1400"]
[BlackElo "1849"]
[PlyCount "42"]
[EventDate "2018.01.19"]
[EventType "swiss"]
[EventRounds "10"]
[EventCountry "BRA"]
[SourceTitle "EXT 2019"]
[Source "ChessBase"]
[SourceDate "2018.10.10"]
[SourceVersion "1"]
[SourceVersionDate "2018.10.10"]
[SourceQuality "1"]

1. d4 Nf6 2. c4 e6 3. Nc3 d5 4. Nf3 a6 5. cxd5 exd5 6. Bg5 Be6 7. h3 Nbd7 8. e3 c6 9. Bd3 h6 10. Bh4 Bd6 11. 0-0 Qc7 12. Bxf6 Nxf6 13. Re1 0-0-0 14. Rb1 g5 15. b4 g4 16. hxg4 Nxg4 17. b5 Rhg8 18. bxa6 Bh2+ 19. Kf1 Nxf2 20. Qe2 Rxg2 21. Kxg2 Bh3+ 0-1

[Event "BRA-ch U20"]
[Site "Florianopolis"]
[Date "2017.10.29"]
[Round "5"]
[White "Woichinevski, Joao Vinicius Peru"]
[Black "Seiffert, Gabriel Pamplona"]
[Result "1/2-1/2"]
[WhiteElo "1668"]
[BlackElo "1375"]
[PlyCount "39"]
[EventDate "2017.10.27"]
[EventType "swiss"]
[EventRounds "6"]
[EventCountry "BRA"]
[SourceTitle "CBM 181 Extra"]
[Source "ChessBase"]
[SourceDate "2017.12.12"]
[SourceVersion "1"]
[SourceVersionDate "2017.12.12"]
[SourceQuality "1"]

1. e4 e5 2. Nf3 Nc6 3. Bb5 Nf6 4. 0-0 a6 5. Bxc6 dxc6 6. Nxe5 Bd6 7. Nf3 Bg4 8. d4 Nxe4 9. Re1 f5 10. Nbd2 Qe7 11. Nc4 h6 12. Ne3 0-0-0 13. Nxg4 fxg4 14. Nd2 Qh4 15. g3 Nxg3 16. fxg3 Bxg3 17. hxg3 Qxg3+ 18. Kh1 Qh3+ 19. Kg1 Qg3+ 20. Kh1 1/2-1/2